| 000 | 00695nam a22002297a 4500 | ||
|---|---|---|---|
| 003 | OSt | ||
| 005 | 20240227102534.0 | ||
| 008 | 190516t xxu||||| |||| 00| 0 eng d | ||
| 020 | _a0714820016 | ||
| 040 | _c0 | ||
| 082 |
_a759.2 _bHEM 1979 |
||
| 100 | 1 |
_aHemingway, Andrew _9121403 |
|
| 245 | 1 | 0 |
_aThe Norwich school of painters, 1803-1833/ _cAndrew Hemingway |
| 260 |
_aNew York: _bPhaidon Press; _c1979 |
||
| 300 |
_a80p.: _bill; _c30cm |
||
| 650 |
_aArt, Modern _933098 |
||
| 650 |
_aNorwich school of painting _9121404 |
||
| 650 |
_aPainting, Modern _9121405 |
||
| 650 |
_aArt, English _9121406 |
||
| 942 |
_2ddc _cBK _aSADA _k759.2 HEM 1979 |
||
| 999 |
_c608302 _d608302 |
||